Forensic geotechnical investigation investigation of the slope failure at qila bala hisar with (Record no. 553705)
[ view plain ]
| 000 -LEADER | |
|---|---|
| fixed length control field | 00503nam a22001457a 4500 |
| 082 ## - DEWEY DECIMAL CLASSIFICATION NUMBER | |
| Classification number | P659 |
| 100 ## - MAIN ENTRY--PERSONAL NAME | |
| Personal name | Muhammad Abubakar Naveed Syn#9 |
| 9 (RLIN) | 50953 |
| 245 ## - TITLE STATEMENT | |
| Title | Forensic geotechnical investigation investigation of the slope failure at qila bala hisar with |
| Remainder of title | a view to propose its remediatation |
| 260 ## - PUBLICATION, DISTRIBUTION, ETC. | |
| Place of publication, distribution, etc. | Risalpur, |
| Name of publisher, distributor, etc. | MCE, |
| Date of publication, distribution, etc. | 2016 |
| 300 ## - PHYSICAL DESCRIPTION | |
| Extent | 73p. |
| 526 ## - STUDY PROGRAM INFORMATION NOTE | |
| Program name | 0 |
| Interest level | 0 |
| Reading level | 0 |
| Title point value | P_659_000000000000000 |
| 526 ## - STUDY PROGRAM INFORMATION NOTE | |
| Program name | 0 |
| Interest level | 0 |
| Reading level | 0 |
| Title point value | P_659_000000000000000 |
| 700 ## - ADDED ENTRY--PERSONAL NAME | |
| Personal name | Lt Col Dr Sarfraz Ali |
| 9 (RLIN) | 50954 |
| 942 ## - ADDED ENTRY ELEMENTS (KOHA) | |
| Source of classification or shelving scheme | |
| Koha item type | Book |
| Withdrawn status | Lost status | Source of classification or shelving scheme | Damaged status | Not for loan | Permanent Location | Current Location | Date acquired | Total Checkouts | Full call number | Barcode | Date last seen | Price effective from | Koha item type | Date last checked out |
|---|---|---|---|---|---|---|---|---|---|---|---|---|---|---|
| Military College of Engineering (MCE) | Military College of Engineering (MCE) | 07/19/2016 | P659 | MCE-P-659 | 07/19/2016 | 03/14/2021 | Book | |||||||
| Military College of Engineering (MCE) | Military College of Engineering (MCE) | 07/19/2016 | 2 | P659 | MCE-P-660 | 12/12/2019 | 03/14/2021 | Book | 10/21/2019 |
